00868nam a2200205 a 450000100100000000500170001000800410002704000250006808200180009311000950011124500400020624600370024626000610028330000450034465000560038965000750044504900090052095201160052999900170064500002597820200930024211.0110225s2002 dr acd 000 0 spa d aDO-SdBNPbspacBNPHU a354.49bR426i1 aRepública dominicanabCorporación Dominicana de Empresas Eléctricas Estatales95287810aInforme estadístico anual 2002 /.14aInforme estadístico anual 2002 aSanto Domingo :bDepartamento de Estadística,c[2002]. a134 p. :bil., gráf., retrs. ;c29 cm. 4aEmpresas eléctricaszRepública Dominicana97935 4aDistribución de energía eléctricazRepública Dominicana952879 aBNPD 0010718PDaPDbPDcHDd2011-02-25iLF1l0o354.49 R426ip25978-10r2020-06-25w2020-06-25yLFPDZNo se presta c25470d25470